[Event "DVM U10 2014"]
[Site "Magdeburg GER"]
[Date "2014.12.29"]
[Round "6"]
[White "von Krosigk, Florian"]
[Black "Seibt, Bruno"]
[Result "1-0"]
[Termination "normal"]
[Board "24.2"]
[WhiteElo "600"]
[BlackElo "862"]
[WhiteTeam "Hamburger SK 3"]
[BlackTeam "SC 1994 Oberland"]
[PlyCount "91"]
[WhiteFideId "16227808"]
[BlackFideId "16219988"]
[EventCountry "GER"]
[EventRounds "7"]
[EventType "team-swiss"]
[EventDate "2014.12.27"]

1. e4 e5 2. Nf3 Nc6 3. Bc4 Nf6 4. d3 Be7 5. Nc3 d6 6. Ng5 O-O 7. Qf3 Be6 8.
Bxe6 fxe6 9. Nxe6 Qd7 10. Nxf8 Rxf8 11. Qg3 Ng4 12. O-O Nd4 13. f3 Nf6 14. Re1
d5 15. Nxd5 Nxd5 16. exd5 Qxd5 17. Bh6 Nf5 18. Qxe5 Qf7 19. Qxc7 gxh6 20. Re4
h5 21. Rae1 Bc5+ 22. Qxc5 Qxa2 23. Re8 Qf7 24. Rxf8+ Qxf8 25. Qxf8+ Kxf8 26.
Re5 Nd4 27. c3 Nc6 28. Rxh5 Kg7 29. Rd5 Kg6 30. Rd7 b5 31. d4 a5 32. Rd6+ Kf5
33. Rxc6 h6 34. Rb6 a4 35. g3 h5 36. Rxb5+ Kg6 37. Re5 Kf6 38. f4 Kg6 39. d5 a3
40. bxa3 Kg7 41. d6 Kf6 42. d7 Kf7 43. d8=Q Kg7 44. Qg5+ Kh7 45. Re7+ Kh8 46.
Qg7# 1-0

[Event "DVM U10 2014"]
[Site "Magdeburg GER"]
[Date "2014.12.29"]
[Round "6"]
[White "Augustin, Elias"]
[Black "Fuhrmann, Bahne"]
[Result "1/2-1/2"]
[Termination "normal"]
[Board "24.3"]
[WhiteElo "879"]
[BlackElo "600"]
[WhiteTeam "SC 1994 Oberland"]
[BlackTeam "Hamburger SK 3"]
[PlyCount "54"]
[WhiteFideId "16236963"]
[BlackFideId "16244842"]
[EventCountry "GER"]
[EventRounds "7"]
[EventType "team-swiss"]
[EventDate "2014.12.27"]

1. e4 c5 2. Nf3 e6 3. Bb5 a6 4. Bd3 Nc6 5. Nc3 Qc7 6. b3 Bd6 7. Bb2 Nge7 8. Qe2
O-O 9. O-O-O f6 10. Qe3 e5 11. h4 h6 12. g4 Nd4 13. Nd5 Nxd5 14. exd5 Kf7 15.
g5 fxg5 16. hxg5 hxg5 17. Nxg5+ Ke8 18. Bg6+ Kd8 19. Nf7+ Ke8 20. Qg5 Be7 21.
Qg4 d6 22. Qh5 c4 23. bxc4 Qxc4 24. c3 Ne2+ 25. Kb1 Nf4 26. Qf3 Qd3+ 27. Bxd3
Rxf7 1/2-1/2

[Event "DVM U10 2014"]
[Site "Magdeburg GER"]
[Date "2014.12.29"]
[Round "6"]
[White "Kassebaum, Elias Konstantin"]
[Black "Franke, Josef"]
[Result "1-0"]
[Termination "normal"]
[Board "25.1"]
[WhiteElo "895"]
[BlackElo "790"]
[WhiteTeam "SG Bünde"]
[BlackTeam "SK Neumarkt"]
[PlyCount "65"]
[EventCountry "GER"]
[EventRounds "7"]
[EventType "team-swiss"]
[EventDate "2014.12.27"]

1. Nf3 d5 2. g3 Nf6 3. Bg2 Bf5 4. O-O e6 5. d3 Bd6 6. Nbd2 O-O 7. c3 Qd7 8. Re1
e5 9. e4 Bh3 10. Bh1 Nc6 11. Qb3 Na5 12. Qc2 Bc5 13. b4 Bb6 14. bxa5 Bxa5 15.
Nxe5 Qb5 16. exd5 Nxd5 17. c4 Qc5 18. Bxd5 Bb6 19. Ne4 Qa5 20. Bd2 Qa6 21. Ng5
Bd4 22. Nxh3 Bxa1 23. Rxa1 Rfe8 24. Bxf7+ Kf8 25. Bxe8 Kxe8 26. d4 Qd6 27. Re1
Kf8 28. Qd1 Qxd4 29. Bb4+ Qd6 30. Bxd6+ cxd6 31. Qxd6+ Ke8 32. Ng5 h6 33. Nc6#
1-0

[Event "DVM U10 2014"]
[Site "Magdeburg GER"]
[Date "2014.12.29"]
[Round "6"]
[White "Henseler, Daniel"]
[Black "Kröger, Tim"]
[Result "1/2-1/2"]
[Termination "normal"]
[Board "25.2"]
[WhiteElo "600"]
[BlackElo "1076"]
[WhiteTeam "SK Neumarkt"]
[BlackTeam "SG Bünde"]
[PlyCount "71"]
[BlackFideId "16241207"]
[EventCountry "GER"]
[EventRounds "7"]
[EventType "team-swiss"]
[EventDate "2014.12.27"]

1. e4 e5 2. Bc4 Bc5 3. Nf3 Nc6 4. Nxe5 Bxf2+ 5. Kxf2 Nxe5 6. Bb3 Nf6 7. Re1 O-O
8. Kg1 Ne8 9. Rf1 Qh4 10. Qe1 Qxe1 11. Rxe1 d5 12. Bxd5 Nf6 13. d4 Nxd5 14.
dxe5 Nb4 15. Na3 b5 16. c3 Nd3 17. Rd1 Nxe5 18. Nxb5 c6 19. Nc7 Rb8 20. Bf4 f6
21. Bxe5 fxe5 22. Rab1 Bg4 23. Rd6 Rbd8 24. Rxd8 Rxd8 25. Kf1 Rd2 26. Ne8 Kf8
27. h3 Bxh3 28. gxh3 Kxe8 29. c4 g5 30. a4 h5 31. b4 g4 32. Rb3 Ra2 33. hxg4
hxg4 34. a5 Kd7 35. c5 a6 36. Ke1 1/2-1/2

[Event "DVM U10 2014"]
[Site "Magdeburg GER"]
[Date "2014.12.29"]
[Round "6"]
[White "Budde, Malte"]
[Black "Kraus, Jakob"]
[Result "1-0"]
[Termination "normal"]
[Board "25.3"]
[WhiteElo "785"]
[BlackElo "600"]
[WhiteTeam "SG Bünde"]
[BlackTeam "SK Neumarkt"]
[PlyCount "51"]
[EventCountry "GER"]
[EventRounds "7"]
[EventType "team-swiss"]
[EventDate "2014.12.27"]

1. e4 e5 2. Nf3 d6 3. Bc4 Nf6 4. d3 d5 5. exd5 Nxd5 6. Nxe5 Bb4+ 7. c3 Ba5 8.
Qf3 O-O 9. Bxd5 Re8 10. d4 Be6 11. Bxb7 Bd5 12. Qf4 Bxb7 13. Qxf7+ Kh8 14. O-O
Rf8 15. Qh5 Ba6 16. Re1 Bb5 17. Re3 Be8 18. Qg4 g6 19. Nd2 c6 20. Ndc4 Bc7 21.
Rf3 Rxf3 22. Qxf3 h5 23. Qf8+ Kh7 24. Qh6+ Kg8 25. Bg5 Qd5 26. Bf6 1-0

[Event "DVM U10 2014"]
[Site "Magdeburg GER"]
[Date "2014.12.29"]
[Round "6"]
[White "Franke, Maria"]
[Black "Wick, Jannis"]
[Result "1-0"]
[Termination "normal"]
[Board "25.4"]
[WhiteElo "600"]
[BlackElo "600"]
[WhiteTeam "SK Neumarkt"]
[BlackTeam "SG Bünde"]
[PlyCount "73"]
[EventCountry "GER"]
[EventRounds "7"]
[EventType "team-swiss"]
[EventDate "2014.12.27"]

1. Nf3 Nc6 2. e4 e5 3. Nc3 Nf6 4. Bc4 Bc5 5. Ng5 O-O 6. Bxf7+ Rxf7 7. Nxf7 Kxf7
8. O-O d5 9. d3 dxe4 10. Bg5 h6 11. Bxf6 Kxf6 12. Nxe4+ Ke6 13. Nxc5+ Kd6 14.
Ne4+ Ke6 15. Qg4+ Ke7 16. Qxg7+ Ke6 17. Qxh6+ Kd7 18. Nf6+ Ke6 19. Ng8+ Kd7 20.
Rae1 Qxg8 21. Qh3+ Kd6 22. Qh6+ Be6 23. c3 Kd7 24. d4 Bd5 25. Qh3+ Kd6 26. Re2
Rc8 27. dxe5+ Nxe5 28. Qg3 Re8 29. Rfe1 c6 30. c4 Rf8 31. Qxe5+ Kd7 32. Qe7+
Kc8 33. cxd5 Rf7 34. Qe6+ Kd8 35. dxc6 Qf8 36. Rd1+ Kc7 37. Rc2 1-0

[Event "DVM U10 2014"]
[Site "Magdeburg GER"]
[Date "2014.12.29"]
[Round "6"]
[White "Schlie, Johann"]
[Black "Meurer, Calvin"]
[Result "1-0"]
[Termination "normal"]
[Board "26.1"]
[WhiteElo "890"]
[BlackElo "946"]
[WhiteTeam "Hagener SV 2"]
[BlackTeam "SV Roter Turm Halle 2"]
[PlyCount "112"]
[WhiteFideId "16211596"]
[EventCountry "GER"]
[EventRounds "7"]
[EventType "team-swiss"]
[EventDate "2014.12.27"]

1. e4 d5 2. exd5 Qxd5 3. Nc3 Qa5 4. d4 c6 5. Nf3 Bf5 6. Bd3 Bxd3 7. Qxd3 e6 8.
O-O Nf6 9. Bd2 Bb4 10. a3 Bxc3 11. Bxc3 Qc7 12. Rad1 O-O 13. Bb4 Nbd7 14. Bxf8
Rxf8 15. Rfe1 Rd8 16. Qe2 Ng4 17. h3 Ngf6 18. c4 h6 19. Rc1 c5 20. dxc5 Nxc5
21. Qe5 Qxe5 22. Rxe5 Nd3 23. Rce1 Nxe1 24. Rxe1 Rc8 25. Ne5 Rd8 26. Rc1 Rc8
27. b4 b5 28. c5 Nd5 29. Rd1 Nc3 30. Rd3 Nd5 31. g3 Rd8 32. f4 g6 33. c6 Kf8
34. Rd2 Ke7 35. Rc2 Ke8 36. c7 Rc8 37. Kf2 Nxc7 38. Ke2 Ke7 39. Nc6+ Ke8 40.
Nxa7 Ra8 41. Rxc7 Kf8 42. Rc8+ Rxc8 43. Nxc8 Kg7 44. Na7 f5 45. Nxb5 Kf6 46. a4
e5 47. a5 exf4 48. gxf4 g5 49. Kf3 h5 50. a6 g4+ 51. hxg4 hxg4+ 52. Kg3 Kg6 53.
a7 Kh5 54. a8=Q Kh6 55. Qf8+ Kh5 56. Na3 Kg6 1-0

[Event "DVM U10 2014"]
[Site "Magdeburg GER"]
[Date "2014.12.29"]
[Round "6"]
[White "Mielewsky, Karl-Josef"]
[Black "Brunner, Alexander"]
[Result "0-1"]
[Termination "normal"]
[Board "26.2"]
[WhiteElo "857"]
[BlackElo "911"]
[WhiteTeam "SV Roter Turm Halle 2"]
[BlackTeam "Hagener SV 2"]
[PlyCount "58"]
[BlackFideId "12965278"]
[EventCountry "GER"]
[EventRounds "7"]
[EventType "team-swiss"]
[EventDate "2014.12.27"]

1. e4 d5 2. Nc3 d4 3. Nd5 Bf5 4. Bc4 Bxe4 5. d3 Bxd5 6. Bxd5 Qxd5 7. c4 Qxg2 8.
Qa4+ Nc6 9. Qc2 e5 10. b3 Bb4+ 11. Bd2 Qxh1 12. O-O-O Nf6 13. Ne2 Qf3 14. Kb1
Qxe2 15. Re1 Qxd2 16. Qxd2 Bxd2 17. Rd1 Bc3 18. Rc1 O-O-O 19. f3 Rhe8 20. a3
Na5 21. b4 Nb3 22. Rg1 Nd2+ 23. Kc2 Nxf3 24. Rxg7 e4 25. dxe4 Nxe4 26. Rxf7 d3+
27. Kd1 Nf2+ 28. Kc1 d2+ 29. Kc2 d1=Q+ 0-1

[Event "DVM U10 2014"]
[Site "Magdeburg GER"]
[Date "2014.12.29"]
[Round "6"]
[White "Mayland, Jannis"]
[Black "Adelmeyer, Nelly"]
[Result "1-0"]
[Termination "normal"]
[Board "26.3"]
[WhiteElo "817"]
[BlackElo "753"]
[WhiteTeam "Hagener SV 2"]
[BlackTeam "SV Roter Turm Halle 2"]
[PlyCount "77"]
[WhiteFideId "16204824"]
[BlackFideId "16203577"]
[EventCountry "GER"]
[EventRounds "7"]
[EventType "team-swiss"]
[EventDate "2014.12.27"]

1. d4 d5 2. Bf4 Nf6 3. Nc3 Bd7 4. Nf3 e6 5. e3 Bb4 6. Qd2 Ne4 7. Qd3 O-O 8. a3
Ba5 9. Be2 Qe8 10. O-O Nxc3 11. bxc3 Na6 12. e4 dxe4 13. Qxe4 Bxc3 14. Rab1 f5
15. Qxb7 Nb8 16. Qxa8 Bc6 17. Qxa7 Nd7 18. Qxc7 Ba4 19. Qxc3 Qd8 20. Bc4 Re8
21. Bg5 Qc8 22. Qd3 Nf6 23. Bxf6 gxf6 24. Rfe1 Bc6 25. Bb5 Bxb5 26. Qxb5 Re7
27. d5 e5 28. Red1 e4 29. d6 Re8 30. d7 Rd8 31. dxc8=Q Rxc8 32. Qb8 Rxb8 33.
Rxb8+ Kg7 34. Rb7+ Kg6 35. Nh4+ Kg5 36. g3 h5 37. f4+ Kg4 38. Kg2 e3 39. Rg7#
1-0

[Event "DVM U10 2014"]
[Site "Magdeburg GER"]
[Date "2014.12.29"]
[Round "6"]
[White "Kemper, Matti"]
[Black "Schönfeld, Fynn"]
[Result "0-1"]
[Termination "normal"]
[Board "26.4"]
[WhiteElo "600"]
[BlackElo "909"]
[WhiteTeam "SV Roter Turm Halle 2"]
[BlackTeam "Hagener SV 2"]
[PlyCount "78"]
[BlackFideId "16204859"]
[EventCountry "GER"]
[EventRounds "7"]
[EventType "team-swiss"]
[EventDate "2014.12.27"]

1. e4 d5 2. Nc3 c6 3. Be2 Nf6 4. Nf3 Na6 5. O-O dxe4 6. Ng5 Bf5 7. d3 exd3 8.
cxd3 e6 9. Bh5 Bg6 10. Be2 h6 11. Nge4 Bd6 12. Nxd6+ Qxd6 13. Ne4 Nxe4 14. dxe4
Qxd1 15. Bxd1 Bxe4 16. Bf4 O-O 17. Re1 Rad8 18. -- Bf5 19. h3 Nc5 20. Re3 a5
21. Rg3 f6 22. Bc7 Rd7 23. Bxa5 Nd3 24. Re3 Nxb2 25. Bb4 Rfd8 26. Be2 Nd3 27.
Ba5 Ra8 28. Bb4 Nxb4 29. Bf3 Nd5 30. Re2 Nb4 31. Ree1 Nc2 32. Rf1 Nxa1 33. Rxa1
Rd4 34. Rf1 Rxa2 35. Bd1 Bd3 36. Bb3 Rb2 37. Bxe6+ Kh7 38. Re1 Rb1 39. Rxb1
Bxb1 0-1

[Event "DVM U10 2014"]
[Site "Magdeburg GER"]
[Date "2014.12.29"]
[Round "6"]
[White "Currenti, Gianluca"]
[Black "Ho, Ngoc Hai-Dang"]
[Result "0-1"]
[Termination "normal"]
[Board "27.1"]
[WhiteElo "849"]
[BlackElo "974"]
[WhiteTeam "Schachzwerge Magdeburg 3"]
[BlackTeam "Schachunion Berlin 2"]
[PlyCount "78"]
[BlackFideId "16206509"]
[EventCountry "GER"]
[EventRounds "7"]
[EventType "team-swiss"]
[EventDate "2014.12.27"]

1. e4 e5 2. Nf3 Nc6 3. Bc4 Bc5 4. Nc3 h6 5. O-O Nf6 6. d3 d6 7. h3 Be6 8. Bxe6
fxe6 9. Na4 Bb6 10. Nxb6 axb6 11. Nh4 Ne7 12. Qf3 O-O 13. c3 Nfd5 14. Qd1 Nf6
15. Qb3 d5 16. exd5 Qxd5 17. c4 Qd4 18. Nf3 Qd8 19. Nxe5 Nc6 20. Ng6 Nd4 21.
Qc3 Ne2+ 22. Kh2 Nxc3 23. Nxf8 Qxf8 24. bxc3 Qd6+ 25. g3 Qxd3 26. Rg1 Qxc3 27.
Rb1 Rxa2 28. Rg2 Qc2 29. Rb2 Rxb2 30. Bxb2 Qxb2 31. f3 Qc3 32. h4 Qxf3 33. g4
Nxg4+ 34. Kh1 e5 35. Kg1 e4 36. Kh1 e3 37. Kg1 e2 38. Rxe2 Qxe2 39. Kh1 Qh2#
0-1

[Event "DVM U10 2014"]
[Site "Magdeburg GER"]
[Date "2014.12.29"]
[Round "6"]
[White "Landgraf, Arthur"]
[Black "Weber, Willi"]
[Result "1-0"]
[Termination "normal"]
[Board "27.2"]
[WhiteElo "797"]
[BlackElo "749"]
[WhiteTeam "Schachunion Berlin 2"]
[BlackTeam "Schachzwerge Magdeburg 3"]
[PlyCount "69"]
[EventCountry "GER"]
[EventRounds "7"]
[EventType "team-swiss"]
[EventDate "2014.12.27"]

1. e4 e5 2. Nf3 Nc6 3. d4 Bd6 4. d5 Nb4 5. Bd2 Nf6 6. Bxb4 Bxb4+ 7. Nbd2 d6 8.
a3 Ba5 9. Bb5+ c6 10. dxc6 O-O 11. cxb7 Bxb7 12. O-O Nxe4 13. Nxe4 Bxe4 14. Bd3
Bxd3 15. Qxd3 Re8 16. b4 e4 17. Qd5 exf3 18. Qxf3 Bb6 19. Rad1 Qg5 20. Rd5 Qh4
21. g3 Qh3 22. Rh5 Qe6 23. Qd1 g6 24. Rd5 Bc7 25. Re1 Qxe1+ 26. Qxe1 Rxe1+ 27.
Kg2 Rae8 28. a4 R8e2 29. Kh3 Rxf2 30. c4 Rh1 31. Kg4 h5+ 32. Kg5 Rhxh2 33. c5
Bd8+ 34. Kh6 f6 35. Kxg6 0-1

[Event "DVM U10 2014"]
[Site "Magdeburg GER"]
[Date "2014.12.29"]
[Round "6"]
[White "Henneberg, Gregor"]
[Black "Kessen, Laila"]
[Result "0-1"]
[Termination "normal"]
[Board "27.3"]
[WhiteElo "600"]
[BlackElo "600"]
[WhiteTeam "Schachzwerge Magdeburg 3"]
[BlackTeam "Schachunion Berlin 2"]
[PlyCount "72"]
[EventCountry "GER"]
[EventRounds "7"]
[EventType "team-swiss"]
[EventDate "2014.12.27"]

1. e4 e5 2. Nf3 Nc6 3. Nc3 Nf6 4. d4 exd4 5. Nxd4 Bc5 6. Bg5 O-O 7. Bc4 Bxd4 8.
O-O d6 9. Nd5 Bg4 10. Qe1 Re8 11. c3 Be5 12. b4 a6 13. b5 axb5 14. Bxb5 Re6 15.
Rc1 Ra5 16. Rb1 Na7 17. c4 c6 18. Nc3 cxb5 19. Nd5 h6 20. Bh4 Qf8 21. Bxf6 Bxf6
22. Qxa5 Nc6 23. Qb6 Qa8 24. Nc7 Qa3 25. Rb3 Qc5 26. Qxb7 Qg5 27. Qb8+ Nxb8 28.
Nd5 Bh5 29. Rg3 Bg4 30. Ne3 Be5 31. Rxg4 Qh5 32. Nf5 Qxg4 33. Ne7+ Rxe7 34. h4
Re6 35. a4 Rg6 36. f3 Qxg2# 0-1

[Event "DVM U10 2014"]
[Site "Magdeburg GER"]
[Date "2014.12.29"]
[Round "6"]
[White "Phong Nguyen, Tung"]
[Black "Röder, Fynn"]
[Result "1-0"]
[Termination "normal"]
[Board "27.4"]
[WhiteElo "600"]
[BlackElo "600"]
[WhiteTeam "Schachunion Berlin 2"]
[BlackTeam "Schachzwerge Magdeburg 3"]
[PlyCount "38"]
[EventCountry "GER"]
[EventRounds "7"]
[EventType "team-swiss"]
[EventDate "2014.12.27"]

1. e4 d5 2. exd5 e5 3. dxe6 fxe6 4. Bb5+ c6 5. Bc4 b5 6. Bb3 e5 7. Qh5+ g6 8.
Qxe5+ Ne7 9. Qxh8 Bf5 10. Qxh7 Qa5 11. Qf7+ Kd8 12. Qxf8+ Kd7 13. Nf3 Qd8 14.
Qf6 Ng8 15. Qe6+ Bxe6 16. O-O Bxb3 17. axb3 Qb6 18. d4 c5 19. d5 Kd6 {nicht
mehr nachvollziehbar [xc6]} 1-0

[Event "DVM U10 2014"]
[Site "Magdeburg GER"]
[Date "2014.12.29"]
[Round "7"]
[White "Weihrauch, Jakob"]
[Black "Nguyen, Alex Dac-Vuong"]
[Result "0-1"]
[Termination "normal"]
[Board "1.1"]
[WhiteElo "1602"]
[BlackElo "1835"]
[WhiteTeam "Hamburger SK 1"]
[BlackTeam "BSG Grün-Weiß Leipzig 1"]
[PlyCount "88"]
[WhiteFideId "16210115"]
[BlackFideId "12984388"]
[EventCountry "GER"]
[EventRounds "7"]
[EventType "team-swiss"]
[EventDate "2014.12.27"]

1. e4 e6 2. d4 d5 3. Nc3 Nf6 4. e5 Nfd7 5. f4 c5 6. Nf3 Nc6 7. Be3 Be7 8. Qd2
O-O 9. O-O-O a6 10. dxc5 Nxc5 11. Qf2 Qa5 12. g4 Na4 13. Nxa4 Qxa4 14. Kb1 b5
15. h4 Bb7 16. Bg2 Rac8 17. Rd2 Na5 18. Rd4 b4 19. b3 Qd7 20. g5 Nc6 21. Rd2 a5
22. h5 a4 23. Rg1 axb3 24. cxb3 Ra8 25. Bh1 Rfc8 26. g6 fxg6 27. hxg6 h6 28.
Nd4 Nxd4 29. Bxd4 Ra5 30. Bg2 Bc5 31. Bh3 Bxd4 32. Qxd4 Rac5 33. Rf1 Qc6 34.
Qb2 Ba6 35. Re1 Rc3 36. Bg4 Bd3+ 37. Rxd3 Rxd3 38. Rc1 Rc3 39. Rxc3 bxc3 40.
Qe2 c2+ 41. Kc1 d4 42. Qc4 Qh1+ 43. Kb2 c1=Q+ 44. Qxc1 Qxc1# 0-1

[Event "DVM U10 2014"]
[Site "Magdeburg GER"]
[Date "2014.12.29"]
[Round "7"]
[White "Haufe, Laurin"]
[Black "Klaas, Heiko"]
[Result "1-0"]
[Termination "normal"]
[Board "1.2"]
[WhiteElo "1476"]
[BlackElo "1107"]
[WhiteTeam "BSG Grün-Weiß Leipzig 1"]
[BlackTeam "Hamburger SK 1"]
[PlyCount "101"]
[WhiteFideId "12976504"]
[BlackFideId "16215940"]
[EventCountry "GER"]
[EventRounds "7"]
[EventType "team-swiss"]
[EventDate "2014.12.27"]

1. e4 e5 2. Nf3 Nc6 3. d4 exd4 4. Nxd4 Bc5 5. Be3 Qf6 6. c3 Nge7 7. Be2 d6 8.
O-O O-O 9. a4 a6 10. b4 Bxd4 11. Bxd4 Nxd4 12. Qxd4 Qg6 13. Nd2 Nc6 14. Qe3 Re8
15. b5 axb5 16. Bxb5 d5 17. Bxc6 bxc6 18. f3 Rb8 19. a5 Bh3 20. Qe2 dxe4 21.
fxe4 Bg4 22. Qe3 Rbd8 23. a6 f6 24. a7 Ra8 25. c4 f5 26. e5 Red8 27. Rfb1 f4
28. Qf2 Bf5 29. Rb7 c5 30. Qxc5 Be4 31. Nxe4 Qxe4 32. Rxc7 Qc2 33. Rf1 Qe2 34.
h3 Rf8 35. Qe7 Qe3+ 36. Kh1 Qg3 37. Rf3 Qg6 38. c5 Rae8 39. Rxf4 Qg3 40. Rxf8+
Rxf8 41. Qe6+ Kh8 42. Rc8 Qe1+ 43. Kh2 Qf2 44. Rxf8+ Qxf8 45. Qg4 Qe8 46. Qf4
g6 47. Qf6+ Kg8 48. e6 h5 49. Qf7+ Qxf7 50. exf7+ Kxf7 51. a8=Q 1-0

[Event "DVM U10 2014"]
[Site "Magdeburg GER"]
[Date "2014.12.29"]
[Round "7"]
[White "Bölke, Roman"]
[Black "Hinze, Aaron"]
[Result "1/2-1/2"]
[Termination "normal"]
[Board "1.3"]
[WhiteElo "1019"]
[BlackElo "1271"]
[WhiteClock "00:32:33"]
[BlackClock "00:37:27"]
[WhiteTeam "Hamburger SK 1"]
[BlackTeam "BSG Grün-Weiß Leipzig 1"]
[PlyCount "89"]
[BlackFideId "12990183"]
[EventCountry "GER"]
[EventRounds "7"]
[EventType "team-swiss"]
[EventDate "2014.12.27"]

1. e4 e5 2. Nf3 Nc6 3. Bb5 a6 4. Ba4 Bc5 5. d3 d6 6. c3 Bg4 7. O-O b5 8. Bb3
Nf6 9. Re1 h6 10. Be3 Bb6 11. h3 Bh5 12. Nbd2 O-O 13. Nf1 Nh7 14. Ng3 Bg6 15.
Bxb6 cxb6 16. d4 a5 17. Bd5 Rc8 18. Bxc6 Rxc6 19. dxe5 dxe5 20. Qxd8 Rxd8 21.
Nxe5 Re6 22. Nxg6 Rxg6 23. Rad1 Rgd6 24. Rxd6 Rxd6 25. f3 Rd2 26. Re2 Rd1+ 27.
Kf2 Ra1 28. b4 axb4 29. cxb4 Rb1 30. a3 Ra1 31. Re3 Ra2+ 32. Ke1 Rxg2 33. Nf1
Kf8 34. Re2 Rxe2+ 35. Kxe2 Ng5 36. h4 Ne6 37. Ke3 Ke7 38. Nd2 Kd6 39. Nb3 Ke5
40. Nc1 g5 41. Nd3+ Kd6 42. hxg5 hxg5 43. f4 gxf4+ 44. Nxf4 Nxf4 45. Kxf4
1/2-1/2

[Event "DVM U10 2014"]
[Site "Magdeburg GER"]
[Date "2014.12.29"]
[Round "7"]
[White "Rose, Noah"]
[Black "Huo, Da"]
[Result "1/2-1/2"]
[Termination "normal"]
[Board "1.4"]
[WhiteElo "1213"]
[BlackElo "600"]
[WhiteClock "00:16:36"]
[BlackClock "00:28:23"]
[WhiteTeam "BSG Grün-Weiß Leipzig 1"]
[BlackTeam "Hamburger SK 1"]
[PlyCount "65"]
[WhiteFideId "12990191"]
[BlackFideId "16221206"]
[EventCountry "GER"]
[EventRounds "7"]
[EventType "team-swiss"]
[EventDate "2014.12.27"]

1. e4 e5 2. Nf3 Nc6 3. Bc4 Nf6 4. d3 Be7 5. Be3 d6 6. h3 a6 7. O-O Be6 8. Bxe6
fxe6 9. c3 h6 10. Nbd2 b5 11. d4 exd4 12. cxd4 O-O 13. a3 Nb8 14. Qb3 Qc8 15.
Rac1 Qd7 16. Rc3 a5 17. Rfc1 a4 18. Qd1 Rc8 19. R1c2 Na6 20. Qe2 Rab8 21. Rd3
b4 22. e5 Nd5 23. exd6 Qxd6 24. Ne4 Nf4 25. Nxd6 Nxe2+ 26. Rxe2 cxd6 27. Bd2
bxa3 28. bxa3 Rb3 29. Ree3 Rcb8 30. Kh2 Bf6 31. Rc3 d5 32. Rxe6 R3b6 33. Rcc6
1/2-1/2

[Event "DVM U10 2014"]
[Site "Magdeburg GER"]
[Date "2014.12.29"]
[Round "7"]
[White "Bergauz, Igal"]
[Black "Noever, Niklas"]
[Result "1-0"]
[Termination "normal"]
[Board "2.1"]
[WhiteElo "1777"]
[BlackElo "1400"]
[WhiteClock "00:34:10"]
[BlackClock "00:28:46"]
[WhiteTeam "SK München Südost"]
[BlackTeam "Rheydter Schachverein 1920"]
[PlyCount "66"]
[WhiteFideId "12977284"]
[BlackFideId "12988642"]
[EventCountry "GER"]
[EventRounds "7"]
[EventType "team-swiss"]
[EventDate "2014.12.27"]

1. e4 c5 2. Nf3 d6 3. d4 cxd4 4. Nxd4 Nf6 5. Nc3 g6 6. f3 Bg7 7. Be3 Nc6 8. Qd2
Bd7 9. g4 Qa5 10. h4 h5 11. Nb3 Qc7 12. g5 Nh7 13. Nd5 Qc8 14. O-O-O Be6 15. c3
Bxd5 16. exd5 Ne5 17. Bb5+ Nd7 18. Bd4 Bxd4 19. Qxd4 Rg8 20. Rhe1 a6 21. Qe3
Qd8 22. Bf1 Ne5 23. f4 Ng4 24. Qe2 Qc7 25. Rd4 Rd8 26. Rc4 Qd7 27. Re4 Kf8 28.
Rxe7 Qc8 29. Bh3 Kg7 30. Qe4 Rge8 31. Nd4 Nf2 32. Bxc8 Nxe4 33. R1xe4 Rxc8 {
Rest nicht nachvollziehbar} 1-0

[Event "DVM U10 2014"]
[Site "Magdeburg GER"]
[Date "2014.12.29"]
[Round "7"]
[White "Bartels, Simon"]
[Black "Grunert, Friedrich"]
[Result "1-0"]
[Termination "normal"]
[Board "2.2"]
[WhiteElo "1235"]
[BlackElo "1492"]
[WhiteTeam "Rheydter Schachverein 1920"]
[BlackTeam "SK München Südost"]
[PlyCount "49"]
[WhiteFideId "12990140"]
[BlackFideId "12995592"]
[EventCountry "GER"]
[EventRounds "7"]
[EventType "team-swiss"]
[EventDate "2014.12.27"]

1. e4 e6 2. d4 d5 3. exd5 exd5 4. Bd3 c5 5. c3 Nc6 6. Nf3 cxd4 7. cxd4 Nf6 8.
O-O Bd6 9. Re1+ Be6 10. Bg5 O-O 11. Nc3 Nb4 12. Bb5 Qc7 13. a3 Nc6 14. Bd3 Bg4
15. Bxf6 gxf6 16. Nxd5 Qd8 17. Re4 Bxf3 18. Qxf3 Ne5 19. Nxf6+ Kh8 20. dxe5 Be7
21. Rh4 Bxf6 22. Rxh7+ Kg8 23. exf6 Re8 24. Qg4+ Kf8 25. Qg7# 1-0

[Event "DVM U10 2014"]
[Site "Magdeburg GER"]
[Date "2014.12.29"]
[Round "7"]
[White "Cheng, Dino Liwen"]
[Black "Leßmann, Sönke"]
[Result "0-1"]
[Termination "normal"]
[Board "2.3"]
[WhiteElo "1029"]
[BlackElo "1151"]
[WhiteTeam "SK München Südost"]
[BlackTeam "Rheydter Schachverein 1920"]
[PlyCount "80"]
[BlackFideId "16222520"]
[EventCountry "GER"]
[EventRounds "7"]
[EventType "team-swiss"]
[EventDate "2014.12.27"]

1. e4 e5 2. Nf3 Nc6 3. Bc4 Bc5 4. c3 Nf6 5. d3 d6 6. Nbd2 Be6 7. d4 exd4 8.
Bxe6 fxe6 9. b4 dxc3 10. bxc5 cxd2+ 11. Bxd2 Nxe4 12. O-O Nxc5 13. Bg5 Qd7 14.
Be3 Ne4 15. Rb1 Nc3 16. Qb3 Nxb1 17. Rxb1 O-O 18. Qd1 Rab8 19. Nd4 Nxd4 20.
Bxd4 c5 21. Ba1 c4 22. Qg4 d5 23. Re1 Rfe8 24. Re5 Rbc8 25. Rh5 c3 26. Re5 c2
27. Re1 c1=Q 28. Qd1 Qxd1 29. Rxd1 Qa4 30. Rf1 Qxa2 31. h3 Qc4 32. Be5 Qxf1+
33. Kxf1 Rc1+ 34. Ke2 Rec8 35. Kf3 R1c3+ 36. Bxc3 Rxc3+ 37. Kg4 Kf7 38. Kh5 g5
39. Kxg5 Rc4 40. g4 d4 0-1

[Event "DVM U10 2014"]
[Site "Magdeburg GER"]
[Date "2014.12.29"]
[Round "7"]
[White "Hansen, Jonah"]
[Black "Klonov, Jakov"]
[Result "0-1"]
[Termination "normal"]
[Board "2.4"]
[WhiteElo "939"]
[BlackElo "978"]
[WhiteClock "00:20:38"]
[BlackClock "00:37:20"]
[WhiteTeam "Rheydter Schachverein 1920"]
[BlackTeam "SK München Südost"]
[PlyCount "64"]
[WhiteFideId "16276841"]
[BlackFideId "16211928"]
[EventCountry "GER"]
[EventRounds "7"]
[EventType "team-swiss"]
[EventDate "2014.12.27"]

1. e4 c5 2. Nf3 Nc6 3. Bc4 g6 4. d3 Bg7 5. Bf4 Bxb2 6. Nbd2 Bxa1 7. Qxa1 Nf6 8.
Ng5 O-O 9. Ngf3 Nb4 10. Qb1 d5 11. Bh6 dxc4 12. Bxf8 Kxf8 13. d4 Nc6 14. dxc5
Bg4 15. Qxb7 Na5 16. Qb1 Bxf3 17. gxf3 Qb8 18. Qxb8+ Rxb8 19. O-O Rb2 20. Rc1
e6 21. c6 Nxc6 22. Nxc4 Nd4 23. Kf1 Rxc2 24. Rxc2 Nxc2 25. Ne3 Nxe3+ 26. fxe3
Ke8 27. Ke2 Kd7 28. Kd2 Kc6 29. Kc2 Kb5 30. Kb3 -- 31. Ka3 a6 32. Kb2 Ka4 {
Rest nicht nachvollziehbar} 0-1

[Event "DVM U10 2014"]
[Site "Magdeburg GER"]
[Date "2014.12.29"]
[Round "7"]
[White "Brunner, Sophia"]
[Black "Kazuch, Vincent"]
[Result "0-1"]
[Termination "normal"]
[Board "3.1"]
[WhiteElo "1429"]
[BlackElo "1690"]
[WhiteClock "00:28:03"]
[BlackClock "00:47:51"]
[WhiteTeam "Hagener SV 1"]
[BlackTeam "SV Empor Erfurt"]
[PlyCount "46"]
[WhiteFideId "12960683"]
[BlackFideId "12971480"]
[EventCountry "GER"]
[EventRounds "7"]
[EventType "team-swiss"]
[EventDate "2014.12.27"]

1. e4 e6 2. d4 d5 3. e5 c5 4. c3 Nc6 5. Nf3 Qb6 6. Be2 Bd7 7. O-O f6 8. exf6
gxf6 9. dxc5 Bxc5 10. Nbd2 Nge7 11. Nb3 O-O-O 12. Nbd2 Rhg8 13. b4 Bd6 14. a4
e5 15. a5 Qc7 16. g3 Bh3 17. Re1 e4 18. Nd4 Bxg3 19. fxg3 Rxg3+ 20. Kf2 Qf4+
21. N2f3 Rg2+ 22. Kf1 Rxh2+ 23. Kg1 Qg3# 0-1